Scaling Up Nutrition Phase II newsletter. first edition 2020 (Record no. 56994)

MARC details
000 -LEADER
fixed length control field 00704nam a2200169 a 4500
008 - FIXED-LENGTH DATA ELEMENTS--GENERAL INFORMATION
fixed length control field 211008s2020 ||||||||||||||||| || u
050 ## - LIBRARY OF CONGRESS CALL NUMBER
Classification number GOV.ZAM(05)SUN/2020/1
110 ## - MAIN ENTRY--CORPORATE NAME
Corporate name or jurisdiction name as entry element The Government of the Republic of Zambia
245 10 - TITLE STATEMENT
Title Scaling Up Nutrition Phase II newsletter. first edition 2020
Statement of responsibility, etc. By Government of Zambia(GRZ)
250 ## - EDITION STATEMENT
Edition statement 1st edition
260 ## - PUBLICATION, DISTRIBUTION, ETC.
Place of publication, distribution, etc. Lusaka
Date of publication, distribution, etc. 2020
300 ## - PHYSICAL DESCRIPTION
Extent 14 pages : illustrations
650 ## - SUBJECT ADDED ENTRY--TOPICAL TERM
Topical term or geographic name entry element MULNUTRITION--PREVENTION AND POLICY
650 ## - SUBJECT ADDED ENTRY--TOPICAL TERM
Topical term or geographic name entry element NUTRITION POLICY--ECONOMICS
650 ## - SUBJECT ADDED ENTRY--TOPICAL TERM
Topical term or geographic name entry element MULNUTRITION IN CHILDREN--PREVENTION
995 ## - RECOMMENDATION 995 [LOCAL, UNIMARC FRANCE]
-- CBU-MAIN LIBRARY (Kitwe)
-- 1
-- AVAILABLE
-- Nov 22, 2021
-- Zambiana Collection
Holdings
Withdrawn status Lost status Source of classification or shelving scheme Damaged status Not for loan Home library Current library Shelving location Date acquired Total Checkouts Full call number Barcode Date last seen Price effective from Koha item type
          CBU-MAIN LIBRARY, KITWE. CBU-MAIN LIBRARY, KITWE.   11/30/2022   GOV.ZAM(05)SUN/2020/1 B4543 11/30/2022 11/30/2022 MONOGRAPH